Movies Quiz

Random Movies or Actor Quiz

Godfather Actors Quiz Stats

 Plays Quiz Updated Jan 26, 2016

Score 0/18 Timer 04:00
9 Plays Today
Character Actor/Actress % Correct
Michael CorleoneAl Pacino
96.7%
Don Vito CorleoneMarlon Brando
95.7%
Vito CorleoneRobert De Niro
75.4%
Santino 'Sonny' CorleoneJames Caan
75%
Tom HagenRobert Duvall
70.8%
Kay AdamsDiane Keaton
65.8%
Connie CorleoneTalia Shire
48.3%
Sal TessioAbe Vigoda
40.2%
Vincent ManciniAndy Garcia
29%
Character Actor/Actress % Correct
Fredo CorleoneJohn Cazale
28.2%
Hyman RothLee Strasberg
14.5%
Peter ClemenzaRichard S. Castellano
12.2%
Joey ZasaJoe Mantegna
11.6%
Moe GreeneAlex Rocco
11%
Grace HamiltonBridget Fonda
10.4%
Al NeriRichard Bright
10.1%
Luca BrasiLenny Montana
9.9%
Frankie PentangeliMichael V. Gazzo
6.2%

You're not logged in!

Compare scores with friends on all Sporcle quizzes.
OR
Log In

Sporcle TV

Today on Sporcle TV


Watch our educational content, quiz creation guides, and fun videos on Sporcle TV.

Show Comments

Extras

Top Quizzes Today


Score Distribution

Your Account Isn't Verified!

In order to create a playlist on Sporcle, you need to verify the email address you used during registration. Go to your Sporcle Settings to finish the process.

Report this User

Report this user for behavior that violates our Community Guidelines.

Details: